Rugby: Pays n'ayant jamais passé le premier tour en Coupe du Monde - Statistiques

Statistiques générales
  • Ce quiz a été pris 166 fois
  • Le résultat moyen est 9 sur 12
Statistiques - réponses
Réponse % Correct
Italie
88%
Espagne
85%
Etats-Unis
85%
Portugal
85%
Namibie
82%
Tonga
82%
Russie
75%
Géorgie
74%
Roumanie
74%
Uruguay
72%
Zimbabwe
54%
Côte d'Ivoire
51%
Aucun quiz correspondant
Distribution des résultats
% des personnes avec chaque résultat
Percentile par nombre de réponses
Votre historique - résultats
Vous n’avez pas pris ce quiz